| 000 | 00439nam a22001817a 4500 | ||
|---|---|---|---|
| 003 | MPLRDC | ||
| 005 | 20220104124730.0 | ||
| 008 | 210129b ||||| |||| 00| 0 eng d | ||
| 082 | _a992.7 XSH | ||
| 100 | _a陈如萱译 | ||
| 245 |
_a海外旅行保健手册 _c |
||
| 250 | _a初版 | ||
| 260 |
_a _b银禾文化事业公司 _c1987 |
||
| 300 | _b平 | ||
| 490 | _a新生活丛书 | ||
| 650 | _a旅行各论 | ||
| 942 |
_cBK _o992.7 XSH |
||
| 999 |
_c21702 _d21692 |
||